00496nam a2200157 i 4500001000300000100001900003245006600022260002200088040000800110041000800118942000700126008004100133999001700174856009800191952004900289bg1 aSCHAB, Ryszard 0aNapęd i automatyka napędu elektrycznego /cRyszard Schab. aRzeszów,c1975. cBPK apol cKS s pl f |000 0 pol  c16369d16369 uhttp://koha.tu.koszalin.pl/cgi-bin/koha/opac-detail.pl?biblionumber=16369yKatalog online BPK 00104070aBPKbBPKcwo20063p01625097yKS